000 00328nam a22001457a 4500
008 210304b ||||| |||| 00| 0 eng d
020 _a0201037297
041 _aeng
080 _22nd
_a51
082 _a51
100 _a36
101 _aMAT
245 _aIntermediate Algebra A Modern Approach
_cKeddy, M.L
942 _2udc
_cBK
999 _c55766
_d55766